ბათუმის შოთა რუსთაველის სახელმწიფო უნივერსიტეტის ბიბლიოთეკა

Curriculum Studies in Post-Compulsory and Adult Education : (ბიბ.ჩანაწერი № 44314)

000 -LEADER
fixed length control field 00816nam a2200241Ia 4500
001 - CONTROL NUMBER
control field 11072
003 - CONTROL NUMBER IDENTIFIER
control field GE_BSU
005 - DATE AND TIME OF LATEST TRANSACTION
control field 20221117104724.0
008 - FIXED-LENGTH DATA ELEMENTS--GENERAL INFORMATION
fixed length control field 181216s2002en xx |||||||||||||| ||eng||
020 ## - INTERNATIONAL STANDARD BOOK NUMBER
International Standard Book Number 9780748764426 x
040 ## - CATALOGING SOURCE
Transcribing agency GE_BSU
041 ## - LANGUAGE CODE
Language code of text/sound track or separate title eng
080 ## - UNIVERSAL DECIMAL CLASSIFICATION NUMBER
Universal Decimal Classification number 378 N - 33
100 ## - MAIN ENTRY--PERSONAL NAME
Personal name Neary, Mary
9 (RLIN) 15873
245 ## - TITLE STATEMENT
Title Curriculum Studies in Post-Compulsory and Adult Education :
Remainder of title a study guide for teachers and student teachers /
Statement of responsibility, etc. Mary Neary.
264 ## - PRODUCTION, PUBLICATION, DISTRIBUTION, MANUFACTURE, AND COPYRIGHT NOTICE
Place of production, publication, distribution, manufacture Cheltenham :
Name of producer, publisher, distributor, manufacturer Nelson Thornes,
Date of production, publication, distribution, manufacture, or copyright notice 2002.
300 ## - PHYSICAL DESCRIPTION
Extent 294 p.:
Other physical details ill;
Dimensions 25cm.
653 ## - INDEX TERM--UNCONTROLLED
keyword Curriculum Studies in Post-Compulsory and Adult Education.
653 ## - INDEX TERM--UNCONTROLLED
keyword სასწავლო გეგმა
653 ## - INDEX TERM--UNCONTROLLED
keyword შემოსულია ტემპუსის პროექტით.
942 ## - ADDED ENTRY ELEMENTS (KOHA)
Koha item type წიგნი
Source of classification or shelving scheme
ეგზემპლარები
Withdrawn status Lost status Source of classification or shelving scheme Damaged status Not for loan Permanent Location Current Location Shelving location Date acquired Cost, normal purchase price Full call number Barcode Date last seen Copy number Price effective from Koha item type Public note
          ბათუმის შოთა რუსთაველის სახელმწიფო უნივერსიტეტის მთავარი ბიბლიოთეკა ბათუმის შოთა რუსთაველის სახელმწიფო უნივერსიტეტის მთავარი ბიბლიოთეკა წიგნსაცავი 2018-12-17 69.00 378 N - 33 35431 2018-12-17 35431 2018-12-17 წიგნი 69ლ.